Kinetičeskaja teorija neideaľnogo gaza i neideaľnoj plazmy /

Uloženo v:
Podrobná bibliografie
Hlavní autor: Klimontovič, Jurij Ľvovič (Autor)
Médium: Kniha
Jazyk:čeština
Vydáno: Moskva : Nauka, 1975
Edice:rz1
On-line přístup: Získat plný text
Tagy: Přidat tag
Žádné tagy, Buďte první, kdo vytvoří štítek k tomuto záznamu!

MARC

LEADER 00000cam a2200000 4500
003 SK-BrCVT
005 20220621173235.0
008 090922s1975 cs e ||||||cze d
035 |a CVTIDWR013707 
040 |a    |b slo  |c    |d   
041 0 |a cze 
044 |a cs 
100 |a Klimontovič, Jurij Ľvovič  |4 aut 
245 1 0 |a Kinetičeskaja teorija neideaľnogo gaza i neideaľnoj plazmy /  |c Jurij Ľvovič Klimontovič 
260 3 |a Moskva :  |b Nauka,  |c 1975 
300 |a 352 s. 
830 |a rz1 
974 |f Knihy 
999 |c 206314  |d 206314